[Event "NOR-ch Blitz"]
[Site "Drammen"]
[Date "2023.01.06"]
[Round "2"]
[White "Lie, Espen"]
[Black "Tunsjo, Axel"]
[Result "1-0"]
[WhiteElo "2457"]
[BlackElo "2237"]
[PlyCount "99"]
[EventDate "2023.01.06"]
[EventType "swiss (blitz)"]
[EventRounds "9"]
[EventCountry "NOR"]
[SourceTitle "CBM 212 Extra"]
[Source "ChessBase"]
[SourceDate "2023.03.31"]
[SourceVersion "1"]
[SourceVersionDate "2023.03.31"]
[SourceQuality "1"]

1. Nf3 g6 2. g3 Bg7 3. Bg2 d5 4. 0-0 c6 5. d4 Bg4 6. b3 Nd7 7. Bb2 Ngf6 8. Nbd2 0-0 9. h3 Bxf3 10. Bxf3 Re8 11. e4 e5 12. exd5 Nxd5 13. c4 Nb4 14. Ne4 exd4 15. a3 Na6 16. Bg2 Ndc5 17. Nxc5 Nxc5 18. b4 Ne6 19. c5 Qd7 20. Qd3 Rad8 21. Rad1 Qc7 22. Qc4 Re7 23. Rd3 Qc8 24. h4 h5 25. Rfd1 Qc7 26. Bh3 f5 27. Bxd4 Bxd4 28. Rxd4 Rxd4 29. Rxd4 Kf7 30. Rd6 b5 31. Qc1 Rd7 32. Bg2 Rxd6 33. cxd6 Qxd6 34. Bxc6 Nd4 35. Bxb5 Nxb5 36. Qc4+ Qe6 37. Qxb5 Qe1+ 38. Qf1 Qc3 39. Qa6 Qe1+ 40. Kg2 Qe4+ 41. Kh2 Qd4 42. Qb7+ Kf6 43. Qc6+ Kf7 44. Qc7+ Kf6 45. Qf4 Qc3 46. Qd6+ Kf7 47. Qd7+ Kf6 48. Qxa7 f4 49. Qb6+ Kf5 50. Qc5+ 1-0

[Event "NOR-ch Blitz"]
[Site "Drammen"]
[Date "2023.01.06"]
[Round "7"]
[White "Tunsjo, Axel"]
[Black "Hobber, Anders"]
[Result "0-1"]
[WhiteElo "2237"]
[BlackElo "2371"]
[PlyCount "84"]
[EventDate "2023.01.06"]
[EventType "swiss (blitz)"]
[EventRounds "9"]
[EventCountry "NOR"]
[SourceTitle "CBM 212 Extra"]
[Source "ChessBase"]
[SourceDate "2023.03.31"]
[SourceVersion "1"]
[SourceVersionDate "2023.03.31"]
[SourceQuality "1"]

1. e3 d5 2. Nc3 Nf6 3. d4 c6 4. Nge2 Bf5 5. g3 e6 6. Bg2 h6 7. 0-0 Be7 8. b3 0-0 9. Bb2 Bh7 10. Rc1 a5 11. a3 b5 12. Nf4 Nbd7 13. Nd3 Qc7 14. Qe2 Nb6 15. Nd1 a4 16. b4 Nc4 17. Ne5 Nxe5 18. dxe5 Nd7 19. f4 Nb6 20. Ra1 Nc4 21. Bc1 c5 22. bxc5 Bxc5 23. Kh1 Qe7 24. e4 dxe4 25. Bxe4 Bxe4+ 26. Qxe4 Nxa3 27. Nc3 b4 28. Ne2 Nb5 29. Be3 a3 30. Bxc5 Qxc5 31. Nc1 Nc3 32. Qf3 a2 33. Nd3 Qc4 34. Rfe1 Rfc8 35. Qg2 Nd5 36. Re2 b3 37. Nb2 Qc3 38. cxb3 Ne3 39. Qf3 Nc2 40. Qxc3 Rxc3 41. Nd1 Rcc8 42. Rxc2 Rxc2 0-1

[Event "NOR-ch Blitz"]
[Site "Drammen"]
[Date "2023.01.06"]
[Round "5"]
[White "Tunsjo, Axel"]
[Black "Mihajlov, Sebastian"]
[Result "0-1"]
[WhiteElo "2237"]
[BlackElo "2375"]
[PlyCount "99"]
[EventDate "2023.01.06"]
[EventType "swiss (blitz)"]
[EventRounds "9"]
[EventCountry "NOR"]
[SourceTitle "CBM 212 Extra"]
[Source "ChessBase"]
[SourceDate "2023.03.31"]
[SourceVersion "1"]
[SourceVersionDate "2023.03.31"]
[SourceQuality "1"]

1. e3 d5 2. b3 Nf6 3. Bb2 c6 4. g3 Bf5 5. Bg2 Nbd7 6. d3 h5 7. h3 e6 8. Ne2 Qc7 9. Nd2 0-0-0 10. a3 Rg8 11. b4 g5 12. Nb3 e5 13. Qd2 Bh6 14. 0-0-0 g4 15. Kb1 d4 16. Rde1 gxh3 17. Bxh3 Ng4 18. Nec1 dxe3 19. fxe3 Be6 20. Bxg4 Bxg4 21. Qf2 f5 22. Nd2 Nf6 23. Nc4 Rge8 24. e4 b5 25. Na5 f4 26. gxf4 Bxf4 27. Qc5 Re6 28. Ne2 Bd2 29. Rd1 Bg5 30. Rde1 Bd2 31. Rd1 Bh6 32. Rde1 Nd7 33. Qc3 Nb6 34. Ng3 Na4 35. Qb3 Bd2 36. Ref1 Rh6 37. Nf5 Rh7 38. Qe6+ Qd7 39. Qxc6+ Qxc6 40. Nxc6 Re8 41. Nd6+ Kd7 42. Nxe8 Kxc6 43. Nf6 Rg7 44. Bxe5 Nc3+ 45. Bxc3 Bxc3 46. Nd5 Bd4 47. Nf4 Rh7 48. Rh2 a5 49. bxa5 Ra7 50. Ka2 0-1

[Event "Oslo OSS-ch A"]
[Site "Oslo"]
[Date "2020.09.10"]
[Round "5"]
[White "Elseth, Roar"]
[Black "Tunsjo, Axel"]
[Result "0-1"]
[WhiteElo "2285"]
[BlackElo "2161"]
[PlyCount "56"]
[EventDate "2020.09.10"]
[EventType "tourn"]
[EventRounds "7"]
[EventCountry "NOR"]
[SourceTitle "EXT 2024"]
[Source "ChessBase"]
[SourceDate "2023.10.10"]
[SourceVersion "1"]
[SourceVersionDate "2023.10.10"]
[SourceQuality "1"]

1. Nf3 Nf6 2. c4 e6 3. Nc3 d5 4. d4 dxc4 5. e3 a6 6. Bxc4 b5 7. Bb3 Bb7 8. 0-0 Be7 9. Qe2 0-0 10. Rd1 Nbd7 11. e4 b4 12. d5 bxc3 13. dxe6 fxe6 14. Ng5 Qe8 15. Nxe6 Kh8 16. e5 Ne4 17. Qg4 Qf7 18. Bf4 cxb2 19. Rab1 Nxf2 20. Kxf2 Nxe5 21. Qe2 Ng6 22. g3 Nxf4 23. Nxf4 Bc5+ 24. Kf1 Qf6 25. Qh5 Bd6 26. Rxd6 Qxd6 27. Rd1 Rxf4+ 28. gxf4 b1Q 0-1

[Event "Oslo OSS-ch A"]
[Site "Oslo"]
[Date "2020.09.10"]
[Round "4"]
[White "Tunsjo, Axel"]
[Black "Johansen, Oivind"]
[Result "1-0"]
[WhiteElo "2161"]
[BlackElo "2028"]
[PlyCount "97"]
[EventDate "2020.09.10"]
[EventType "tourn"]
[EventRounds "7"]
[EventCountry "NOR"]
[SourceTitle "EXT 2024"]
[Source "ChessBase"]
[SourceDate "2023.10.10"]
[SourceVersion "1"]
[SourceVersionDate "2023.10.10"]
[SourceQuality "1"]

1. e4 c5 2. Nf3 d6 3. d4 cxd4 4. Nxd4 Nf6 5. Nc3 a6 6. Bg5 e6 7. f4 Be7 8. Qf3 Qc7 9. 0-0-0 Nc6 10. g4 Bd7 11. Nxc6 Bxc6 12. Bxf6 Bxf6 13. g5 Be7 14. Kb1 h6 15. g6 f5 16. Qe3 fxe4 17. Nxe4 0-0 18. Bh3 e5 19. fxe5 dxe5 20. Rhe1 Rf4 21. Ng3 Bf6 22. Qb3+ Kh8 23. Nf5 Ba4 24. Qd3 e4 25. Rxe4 Rd8 26. Rde1 Qc6 27. Qxd8+ Bxd8 28. Rxf4 Qxc2+ 29. Ka1 Bf6 30. Nd4 Qxg6 31. Rc1 Qg5 32. Rc8+ Kh7 33. Bf5+ g6 34. Rg4 gxf5 35. Rxg5 hxg5 36. Nxf5 Kg6 37. Ng3 Bc6 38. Kb1 Be5 39. Rg8+ Kf6 40. Rf8+ Kg6 41. Rf1 Bf4 42. Kc2 Kf6 43. Re1 Bxg3 44. hxg3 Kf5 45. Kc3 Kg4 46. Re5 Kxg3 47. Rxg5+ Kf4 48. Rh5 Ke4 49. Kc4 1-0

[Event "Oslo Offerspill op"]
[Site "Oslo"]
[Date "2020.06.13"]
[Round "4"]
[White "Tunsjo, Axel"]
[Black "Aarnes, Eirik"]
[Result "0-1"]
[WhiteElo "2140"]
[BlackElo "1902"]
[PlyCount "70"]
[EventDate "2020.06.10"]
[EventType "swiss"]
[EventRounds "9"]
[EventCountry "NOR"]
[SourceTitle "CBM 197 Extra"]
[Source "ChessBase"]
[SourceDate "2020.09.30"]
[SourceVersion "1"]
[SourceVersionDate "2020.09.30"]
[SourceQuality "1"]

1. e4 d5 2. Nc3 d4 3. Nce2 e5 4. d3 Nc6 5. Nf3 Nge7 6. g3 Bg4 7. Bg2 h6 8. h3 Be6 9. c4 Ng6 10. 0-0 Qd7 11. Kh2 Be7 12. Qb3 a5 13. Bd2 Ra6 14. Ne1 Rb6 15. Qc2 Bb4 16. f4 f5 17. exf5 Bxf5 18. g4 Bxg4 19. hxg4 Qxg4 20. Nf3 exf4 21. c5 Qh5+ 22. Bh3 Bxc5 23. Nxf4 Bd6 24. Rae1+ Nce7 25. Nxd4 0-0 26. Nde6 Nd5 27. Nxf8 Ngxf4 28. Bxf4 Nxf4 29. Qc4+ Ne6+ 30. Kg2 Rxb2+ 31. Rf2 Rxf2+ 32. Kxf2 Qf7+ 33. Kg1 Bc5+ 34. Qxc5 Nxc5 35. Ne6 Qg6+ 0-1

[Event "Oslo Offerspill op"]
[Site "Oslo"]
[Date "2020.06.10"]
[Round "1"]
[White "Nilsen, Joachim Birger"]
[Black "Tunsjo, Axel"]
[Result "1/2-1/2"]
[WhiteElo "2411"]
[BlackElo "2140"]
[PlyCount "133"]
[EventDate "2020.06.10"]
[EventType "swiss"]
[EventRounds "9"]
[EventCountry "NOR"]
[SourceTitle "CBM 197 Extra"]
[Source "ChessBase"]
[SourceDate "2020.09.30"]
[SourceVersion "1"]
[SourceVersionDate "2020.09.30"]
[SourceQuality "1"]

1. d4 Nf6 2. c4 e6 3. Nc3 Bb4 4. Qc2 c5 5. dxc5 Na6 6. a3 Bxc3+ 7. Qxc3 Nxc5 8. b4 Nce4 9. Qb2 d5 10. c5 h6 11. Bf4 Nh5 12. Be3 0-0 13. g4 Qf6 14. 0-0-0 Qxb2+ 15. Kxb2 Nhf6 16. f3 Ng5 17. h4 Ngh7 18. g5 Nh5 19. Bh3 f5 20. gxh6 g6 21. f4 a5 22. Nf3 axb4 23. axb4 Ra4 24. Kb3 Bd7 25. Ra1 Rfa8 26. Rxa4 Bxa4+ 27. Kb2 Bb5 28. Nd4 Bc4 29. Ra1 Rxa1 30. Kxa1 Nf8 31. Bg2 Ng3 32. Bf3 Nf1 33. Bc1 Nh2 34. Bg2 Ng4 35. b5 Nxh6 36. c6 bxc6 37. bxc6 Nf7 38. Ba3 Ba6 39. Kb2 Bc8 40. Nb5 Ba6 41. Nd4 Bc8 42. e3 e5 43. Nb5 Ba6 44. Nd6 Nxd6 45. Bxd6 e4 46. c7 Ne6 47. Kc3 Kf7 48. Kb4 Ke8 49. Ka5 Bc8 50. Kb6 d4 51. exd4 Nxd4 52. Be5 Nf3 53. Bf6 Kf7 54. Bc3 Nxh4 55. Bf1 g5 56. Ba6 Bd7 57. Kc5 Ke7 58. fxg5 f4 59. Bf6+ Ke6 60. Bc4+ Kf5 61. Kd6 Bc8 62. Bb5 f3 63. Bd4 Kxg5 64. Be3+ Kf6 65. Bd4+ Kg5 66. Ke5 Nf5 67. Kxe4 1/2-1/2

[Event "Kragero op"]
[Site "Kragero"]
[Date "2020.02.23"]
[Round "9"]
[White "Doluhanova, Evgeniya"]
[Black "Tunsjo, Axel"]
[Result "1/2-1/2"]
[WhiteElo "2258"]
[BlackElo "2035"]
[PlyCount "116"]
[EventDate "2020.02.19"]
[EventType "swiss"]
[EventRounds "9"]
[EventCountry "NOR"]
[SourceTitle "CBM 195 Extra"]
[Source "ChessBase"]
[SourceDate "2020.05.31"]
[SourceVersion "1"]
[SourceVersionDate "2020.05.31"]
[SourceQuality "1"]

1. Nf3 Nf6 2. b3 e6 3. Bb2 d5 4. e3 Be7 5. Be2 0-0 6. 0-0 b6 7. d3 Bb7 8. Ne5 c5 9. Nd2 Nc6 10. f4 d4 11. Nxc6 Bxc6 12. e4 Nd7 13. Qe1 f5 14. Bf3 Kh8 15. c3 dxc3 16. Bxc3 Nf6 17. Nc4 Rc8 18. Rd1 Qc7 19. Be5 Qd7 20. a4 Rcd8 21. Qc3 Qb7 22. Rde1 Rd7 23. exf5 exf5 24. Ne3 g6 25. h3 Bxf3 26. Rxf3 Kg8 27. Qc4+ Nd5 28. g4 fxg4 29. Nxg4 h5 30. Qe4 Nxf4 31. Rxf4 Qxe4 32. Rexe4 hxg4 33. Rxg4 Kh7 34. d4 Rf3 35. dxc5 Bxc5+ 36. Kg2 Rf2+ 37. Kg3 Rd3+ 38. Kh4 Be7+ 39. Rg5 Rd5 40. Kg3 Bxg5 41. Kxf2 Rd3 42. h4 Bd8 43. b4 a5 44. b5 Kh6 45. Bf4+ Kh5 46. Bg3 Bf6 47. Re6 Bd4+ 48. Kg2 Ra3 49. Re4 Bc5 50. Re5+ Kh6 51. Bf4+ Kg7 52. Re4 Kf6 53. Bg5+ Kf5 54. Rf4+ Ke5 55. Rg4 Kf5 56. Rf4+ Ke5 57. Rg4 Kf5 58. Rf4+ Ke5 1/2-1/2

[Event "Kragero op"]
[Site "Kragero"]
[Date "2020.02.20"]
[Round "4"]
[White "Tunsjo, Axel"]
[Black "Ingebretsen, Jens E"]
[Result "0-1"]
[WhiteElo "2035"]
[BlackElo "2241"]
[PlyCount "110"]
[EventDate "2020.02.19"]
[EventType "swiss"]
[EventRounds "9"]
[EventCountry "NOR"]
[SourceTitle "CBM 195 Extra"]
[Source "ChessBase"]
[SourceDate "2020.05.31"]
[SourceVersion "1"]
[SourceVersionDate "2020.05.31"]
[SourceQuality "1"]

1. e4 e6 2. Nf3 d5 3. Nc3 Nf6 4. e5 Nfd7 5. d4 Be7 6. h4 c5 7. Bg5 f6 8. exf6 Nxf6 9. Bb5+ Nc6 10. Qe2 0-0 11. dxc5 Bxc5 12. Rd1 Bd6 13. 0-0 Bd7 14. Rfe1 Qe8 15. Bxf6 Rxf6 16. Bxc6 bxc6 17. Ne5 Rb8 18. b3 Rb4 19. g3 Bc8 20. Qd2 a5 21. a3 Rb8 22. a4 Bc5 23. Nd3 Bb6 24. Kg2 Qf7 25. f4 Bb7 26. Ne5 Qe8 27. Kh2 h6 28. Qe2 h5 29. Nf3 Rd8 30. Ng5 Bc8 31. Na2 Qg6 32. Nc1 Re8 33. Qd3 Rf5 34. Nf3 Qf6 35. Ne2 e5 36. fxe5 Rexe5 37. Ned4 Bxd4 38. Nxd4 Rf2+ 39. Kg1 Rxe1+ 40. Rxe1 Bh3 41. Qe3 Rf1+ 42. Kh2 Bg4 43. c3 Rf2+ 44. Kg1 Rb2 45. Rf1 Qg6 46. Rf2 Qb1+ 47. Kg2 c5 48. Nc6 Rxf2+ 49. Qxf2 d4 50. cxd4 Qe4+ 51. Kg1 Qxc6 52. dxc5 Qf3 53. Qxf3 Bxf3 54. Kf2 Bd5 55. Ke3 Bxb3 0-1

[Event "Skien-ch U20"]
[Site "Skien"]
[Date "2019.11.09"]
[Round "4"]
[White "Tunsjo, Axel"]
[Black "Aamodt, Peder Marcus"]
[Result "1-0"]
[WhiteElo "2038"]
[BlackElo "1445"]
[PlyCount "83"]
[EventDate "2019.11.08"]
[EventType "swiss"]
[EventRounds "7"]
[EventCountry "NOR"]
[SourceTitle "CBM 193 Extra"]
[Source "ChessBase"]
[SourceDate "2020.01.31"]
[SourceVersion "1"]
[SourceVersionDate "2020.01.31"]
[SourceQuality "1"]

1. e4 c6 2. Nf3 d5 3. Nc3 Nf6 4. Qe2 Bg4 5. d3 d4 6. Nd1 e5 7. Bd2 c5 8. h3 Bxf3 9. Qxf3 Nc6 10. Be2 g6 11. Qg3 Qc7 12. 0-0 Bg7 13. f4 Bh6 14. Qh4 Bg7 15. fxe5 Qxe5 16. Bf4 Qe6 17. Qg3 h5 18. a3 Nd7 19. b3 b5 20. a4 bxa4 21. Rxa4 Nb4 22. Rf2 Nxc2 23. Bxh5 Rxh5 24. Rxc2 Qxb3 25. Raa2 Ne5 26. Nf2 Bf6 27. Ng4 Bh4 28. Bxe5 Bxg3 29. Bxg3 Qe6 30. Rf2 f5 31. exf5 Qb6 32. Rae2+ Kf8 33. fxg6+ Kg7 34. Re7+ Kxg6 35. Be5 Rxe5 36. Nxe5+ Kh6 37. Ref7 Qb1+ 38. Rf1 Qc2 39. R1f6+ Kh5 40. g4+ Kh4 41. Rh6+ Kg3 42. Rf3# 1-0

[Event "EU-ch U12"]
[Site "Bratislava"]
[Date "2019.08.08"]
[Round "7"]
[White "Bialiauski, Artsiom"]
[Black "Tunsjo, Axel"]
[Result "1-0"]
[WhiteElo "1844"]
[BlackElo "2004"]
[PlyCount "75"]
[EventDate "2019.08.02"]
[EventType "swiss"]
[EventRounds "9"]
[EventCountry "SVK"]
[SourceTitle "EXT 2020"]
[Source "ChessBase"]
[SourceDate "2019.10.17"]
[SourceVersion "1"]
[SourceVersionDate "2019.10.17"]
[SourceQuality "1"]

1. d4 Nf6 2. c4 e6 3. Nf3 d5 4. Nc3 dxc4 5. e3 a6 6. Bxc4 b5 7. Bd3 Bb7 8. 0-0 Be7 9. Qe2 Nbd7 10. Rd1 0-0 11. a3 Rc8 12. Bc2 c5 13. dxc5 Bxc5 14. Bd2 Qe7 15. Rac1 Bxf3 16. Qxf3 Ne5 17. Qe2 Nc4 18. Rb1 Nxd2 19. Qxd2 Rfd8 20. Bd3 e5 21. Qc2 h5 22. h3 Kf8 23. Rbc1 Bxa3 24. Bf5 Rxd1+ 25. Rxd1 Rc4 26. Bd3 Rc6 27. bxa3 Qc5 28. Nxb5 Qxc2 29. Bxc2 Rxc2 30. Nd6 g6 31. Rb1 Rc6 32. Nb7 Ke7 33. Na5 Rc5 34. Rb7+ Nd7 35. Nb3 Rb5 36. Rxb5 axb5 37. Kf1 Nb6 38. Nd2 1-0

[Event "EU-ch U12"]
[Site "Bratislava"]
[Date "2019.08.06"]
[Round "5"]
[White "Tunsjo, Axel"]
[Black "Aleksanyan, Davit"]
[Result "1-0"]
[WhiteElo "2004"]
[BlackElo "1797"]
[PlyCount "49"]
[EventDate "2019.08.02"]
[EventType "swiss"]
[EventRounds "9"]
[EventCountry "SVK"]
[SourceTitle "EXT 2020"]
[Source "ChessBase"]
[SourceDate "2019.10.17"]
[SourceVersion "1"]
[SourceVersionDate "2019.10.17"]
[SourceQuality "1"]

1. e4 Nf6 2. e5 Nd5 3. d4 d6 4. c4 Nb6 5. exd6 cxd6 6. Nc3 g6 7. Bd3 Bg7 8. Nge2 Nc6 9. Be3 0-0 10. a3 e5 11. d5 Nd4 12. Bxd4 exd4 13. Nb5 Bg4 14. f3 Bxf3 15. gxf3 a6 16. Nxd6 Qxd6 17. 0-0 Rfe8 18. Rc1 Nd7 19. Ng3 Re3 20. Rc2 Qf4 21. Rg2 Ne5 22. Be4 Nxc4 23. Nh5 gxh5 24. Qxd4 Ne5 25. Bxh7+ 1-0

[Event "NOR-ch U14"]
[Site "Larvik"]
[Date "2019.07.11"]
[Round "7"]
[White "Tunsjo, Axel"]
[Black "Valvag, Torbjorn"]
[Result "0-1"]
[WhiteElo "2039"]
[BlackElo "1912"]
[PlyCount "114"]
[EventDate "2019.07.05"]
[EventType "swiss"]
[EventRounds "9"]
[EventCountry "NOR"]
[SourceTitle "EXT 2024"]
[Source "ChessBase"]
[SourceDate "2023.10.10"]
[SourceVersion "1"]
[SourceVersionDate "2023.10.10"]
[SourceQuality "1"]

1. e4 c5 2. Nf3 Nc6 3. b3 d6 4. Bb2 e5 5. Bd3 Be7 6. 0-0 Nf6 7. c3 0-0 8. Bc2 Bg4 9. Re1 Qc7 10. Na3 a6 11. Nc4 b5 12. Ne3 Be6 13. d4 cxd4 14. cxd4 exd4 15. Nxd4 Nxd4 16. Qxd4 Qa7 17. Qd3 Nd7 18. e5 g6 19. exd6 Bf6 20. Bxf6 Nxf6 21. Rad1 Rac8 22. a4 Qb6 23. Qd4 Qxd4 24. Rxd4 Rfd8 25. axb5 axb5 26. Bd3 Rb8 27. b4 Rb6 28. Rc1 Rdxd6 29. Rxd6 Rxd6 30. Bxb5 Rb6 31. Rc5 Ne4 32. Re5 Nd6 33. Bd3 Rxb4 34. h3 Kg7 35. Kh2 h5 36. Ra5 Nc4 37. Bxc4 Bxc4 38. g4 hxg4 39. hxg4 Be6 40. Kg3 Rd4 41. f4 Rd3 42. Kf2 Rxe3 43. Kxe3 Bxg4 44. Ke4 Be6 45. Ke5 Bf5 46. Ra6 Be6 47. Ra7 Bf5 48. Re7 Be6 49. Re8 Bf5 50. Kd6 Kf6 51. Re5 Be6 52. Kc5 Bf5 53. Kd4 Be6 54. Ke4 Bf5+ 55. Rxf5+ gxf5+ 56. Kd5 Kg7 57. Kd6 Kh6 0-1

[Event "NOR-ch U14"]
[Site "Larvik"]
[Date "2019.07.09"]
[Round "5"]
[White "Tunsjo, Axel"]
[Black "Austad, Eirik Strom"]
[Result "1/2-1/2"]
[WhiteElo "2039"]
[BlackElo "1741"]
[PlyCount "103"]
[EventDate "2019.07.05"]
[EventType "swiss"]
[EventRounds "9"]
[EventCountry "NOR"]
[SourceTitle "EXT 2024"]
[Source "ChessBase"]
[SourceDate "2023.10.10"]
[SourceVersion "1"]
[SourceVersionDate "2023.10.10"]
[SourceQuality "1"]

1. e4 c6 2. Nc3 d5 3. Nf3 Bg4 4. h3 Bxf3 5. Qxf3 e6 6. g4 dxe4 7. Nxe4 Nd7 8. g5 Nc5 9. Ng3 Qd5 10. Qxd5 exd5 11. d4 Ne6 12. c3 g6 13. Bd3 0-0-0 14. 0-0 h6 15. gxh6 Nxh6 16. f4 f5 17. Bd2 Nf7 18. Kg2 Nd6 19. Rae1 Ne4 20. Bxe4 dxe4 21. Be3 Be7 22. Rd1 Bf6 23. Ne2 Rd7 24. Rd2 Rhd8 25. Rfd1 Nc7 26. c4 Kb8 27. Nc3 Bg7 28. Kh2 Bf6 29. a3 Ka8 30. a4 b6 31. Na2 Kb7 32. Nb4 Be7 33. Nc2 Bf6 34. b3 Rh7 35. Rg2 Rg7 36. b4 a6 37. Rg3 b5 38. axb5 axb5 39. Rdg1 Rdg8 40. Na3 bxc4 41. Nxc4 Nd5 42. Ne5 g5 43. fxg5 Bxe5 44. dxe5 Nxe3 45. Rxe3 Rxg5 46. Rxg5 Rxg5 47. Rg3 Rh5 48. Rg7+ Kb6 49. Rf7 f4 50. Rxf4 Rxe5 51. Kg2 Kb5 52. Rf6 1/2-1/2

[Event "NOR-ch U14"]
[Site "Larvik"]
[Date "2019.07.06"]
[Round "2"]
[White "Larre, Linnea"]
[Black "Tunsjo, Axel"]
[Result "0-1"]
[WhiteElo "1648"]
[BlackElo "2039"]
[PlyCount "90"]
[EventDate "2019.07.05"]
[EventType "swiss"]
[EventRounds "9"]
[EventCountry "NOR"]
[SourceTitle "EXT 2024"]
[Source "ChessBase"]
[SourceDate "2023.10.10"]
[SourceVersion "1"]
[SourceVersionDate "2023.10.10"]
[SourceQuality "1"]

1. c4 e5 2. g3 Nc6 3. Bg2 g6 4. Nc3 Bg7 5. e3 d6 6. Nge2 Nge7 7. d4 exd4 8. Nxd4 0-0 9. 0-0 Re8 10. Re1 Bd7 11. Nce2 Qc8 12. Bd2 Ne5 13. Rc1 Nd3 14. Qc2 Nxe1 15. Rxe1 c5 16. Nf3 Rb8 17. Rd1 b5 18. Bc3 Bxc3 19. Nxc3 Bc6 20. cxb5 Bxf3 21. Bxf3 Rd8 22. Ne4 Qf5 23. Qc3 Qxf3 24. Nf6+ Kh8 25. Rd2 Qf5 26. f4 Ng8 27. Nd7+ f6 28. Nxb8 Rxb8 29. Rxd6 Rxb5 30. Qc1 Qe4 31. Kf2 a5 32. Rd8 Qb4 33. b3 a4 34. Qb2 Rb6 35. Qc2 axb3 36. axb3 Rc6 37. Qd3 Re6 38. Kf3 Qe1 39. Rc8 Qh1+ 40. Ke2 Qxh2+ 41. Kd1 Qg1+ 42. Ke2 Qg2+ 43. Kd1 Qf3+ 44. Kd2 Qf2+ 45. Qe2 Rd6+ 0-1

[Event "Nordic-ch"]
[Site "Sarpsborg"]
[Date "2019.06.25"]
[Round "7"]
[White "Tunsjo, Axel"]
[Black "Ernst, Thomas"]
[Result "0-1"]
[WhiteElo "2002"]
[BlackElo "2342"]
[PlyCount "100"]
[EventDate "2019.06.21"]
[EventType "swiss"]
[EventRounds "9"]
[EventCountry "NOR"]
[SourceTitle "CBM 191 Extra"]
[Source "ChessBase"]
[SourceDate "2019.09.30"]
[SourceVersion "1"]
[SourceVersionDate "2019.09.30"]
[SourceQuality "1"]

1. e4 c5 2. Nc3 Nc6 3. g3 g6 4. Bg2 Bg7 5. Nge2 d6 6. 0-0 e5 7. d3 Nge7 8. Be3 0-0 9. Qd2 Nd4 10. Rae1 Be6 11. f4 Qd7 12. Nd5 Nxd5 13. exd5 Bg4 14. Nc1 Rae8 15. c3 exf4 16. Rxf4 Nf5 17. Rxg4 Nxe3 18. Re4 Nxg2 19. Kxg2 Re5 20. Rxe5 dxe5 21. c4 f5 22. Qf2 f4 23. Nb3 b6 24. Nd2 fxg3 25. Qxg3 Bh6 26. Ne4 Bf4 27. Qh3 Qf5 28. Qxf5 gxf5 29. Ng3 Rf6 30. Kf3 Rh6 31. Nxf5 Rxh2 32. Rg1+ Kf7 33. Rg7+ Kf6 34. d6 Kxf5 35. d7 Rh3+ 36. Ke2 Re3+ 37. Kd2 e4 38. Rf7+ Kg6 39. dxe4 Rxe4+ 40. Kc3 Be5+ 41. Kb3 Rd4 42. d8Q Rxd8 43. Rxa7 Rd2 44. a3 Rxb2+ 45. Ka4 Rf2 46. Rb7 Rf6 47. Kb5 h5 48. a4 h4 49. a5 bxa5 50. Kxc5 h3 0-1

[Event "NOR-chT Club"]
[Site "Drammen"]
[Date "2019.06.02"]
[Round "6.2"]
[White "Gullaksen, Eirik Tvedt"]
[Black "Tunsjo, Axel"]
[Result "1/2-1/2"]
[WhiteElo "2327"]
[BlackElo "2002"]
[PlyCount "52"]
[EventDate "2019.05.30"]
[EventType "team-swiss"]
[EventRounds "6"]
[EventCountry "NOR"]
[SourceTitle "CBM 190 Extra"]
[Source "ChessBase"]
[SourceDate "2019.07.15"]
[SourceVersion "1"]
[SourceVersionDate "2019.07.15"]
[SourceQuality "1"]
[WhiteTeam "Bergens"]
[BlackTeam "OSS Kadett"]
[WhiteTeamCountry "NOR"]
[BlackTeamCountry "NOR"]

1. e4 c5 2. Nf3 e6 3. b3 d6 4. Bb2 Nf6 5. e5 dxe5 6. Nxe5 Bd6 7. f4 0-0 8. Bd3 b6 9. Qf3 Qc7 10. Na3 Bb7 11. Qg3 Be7 12. 0-0 Ne4 13. Bxe4 Bxe4 14. Nd7 Bg6 15. Nxf8 Bxf8 16. d3 Nc6 17. Nc4 Rd8 18. Ne5 Nd4 19. Qf2 Rd5 20. Rad1 Bd6 21. Nxg6 hxg6 22. c3 Bxf4 23. g3 Rg5 24. cxd4 Bxg3 25. hxg3 Rxg3+ 26. Kh1 Rh3+ 1/2-1/2

[Event "NOR-chT Club"]
[Site "Drammen"]
[Date "2019.06.01"]
[Round "3.5"]
[White "Kvisvik, Brede Alexander"]
[Black "Tunsjo, Axel"]
[Result "1-0"]
[WhiteElo "2244"]
[BlackElo "2002"]
[PlyCount "67"]
[EventDate "2019.05.30"]
[EventType "team-swiss"]
[EventRounds "6"]
[EventCountry "NOR"]
[SourceTitle "CBM 190 Extra"]
[Source "ChessBase"]
[SourceDate "2019.07.15"]
[SourceVersion "1"]
[SourceVersionDate "2019.07.15"]
[SourceQuality "1"]
[WhiteTeam "Valerenga"]
[BlackTeam "OSS Kadett"]
[WhiteTeamCountry "NOR"]
[BlackTeamCountry "NOR"]

1. d4 Nf6 2. c4 e6 3. g3 d5 4. Bg2 c6 5. Nf3 Bd6 6. 0-0 0-0 7. Nfd2 Nbd7 8. Nc3 Re8 9. e4 dxe4 10. Ndxe4 Nxe4 11. Nxe4 Be7 12. Qc2 Nf6 13. Rd1 h6 14. Bf4 Nxe4 15. Bxe4 Bd7 16. d5 cxd5 17. cxd5 Qb6 18. Bc7 Qb5 19. Rd4 a5 20. Rc1 Qa6 21. d6 Bg5 22. Rcd1 Bf6 23. Rc4 Rac8 24. Rc5 b6 25. Bc6 Red8 26. Bxd7 Rxd7 27. Bxb6 Rb8 28. Bxa5 g6 29. b4 Bd8 30. Rc6 Qa8 31. Bxd8 Rbxd8 32. a4 Qb8 33. b5 Rxd6 34. Rdxd6 1-0

[Event "Nordstrand GP A"]
[Site "Oslo"]
[Date "2019.04.06"]
[Round "2"]
[White "Tunsjo, Axel"]
[Black "Altarboush, Wared"]
[Result "0-1"]
[WhiteElo "1946"]
[BlackElo "2277"]
[PlyCount "102"]
[EventDate "2019.04.05"]
[EventType "swiss"]
[EventRounds "5"]
[EventCountry "NOR"]
[SourceTitle "EXT 2024"]
[Source "ChessBase"]
[SourceDate "2023.10.10"]
[SourceVersion "1"]
[SourceVersionDate "2023.10.10"]
[SourceQuality "1"]

1. e4 e6 2. d3 d5 3. Nd2 Nf6 4. g3 b6 5. Bg2 Bb7 6. e5 Nfd7 7. Ngf3 c5 8. 0-0 Nc6 9. Re1 g5 10. c4 Nb4 11. Nf1 h6 12. a3 Na6 13. cxd5 Bxd5 14. Ne3 Nc7 15. Nxd5 Nxd5 16. Nd2 Bg7 17. Bxd5 exd5 18. e6 fxe6 19. Rxe6+ Kf7 20. Rd6 Qe7 21. Rxd5 Qe6 22. Qb3 Ne5 23. f4 gxf4 24. gxf4 Rad8 25. Rxd8 Qxb3 26. Nxb3 Nf3+ 27. Kf2 Rxd8 28. Nxc5 Nxh2 29. Ne4 Rxd3 30. Ra2 Ng4+ 31. Ke2 Rb3 32. a4 Ke6 33. a5 Kd5 34. axb6 axb6 35. Nf2 h5 36. Nxg4 hxg4 37. Ra3 Rxa3 38. bxa3 Ke4 39. Kf2 b5 40. Kg3 Kf5 41. Bd2 Bb2 42. Bb4 Bc1 43. Bd6 Be3 44. Be5 Bc1 45. Bd6 Bd2 46. Be5 Be1+ 47. Kg2 Bh4 48. Bd6 Ke4 49. Be5 Be7 50. Kg3 Kf5 51. Bb2 Bc5 0-1